Statistics for English Football Clubs by Three Clues #2

Click here to take the quiz!

General Stats

  • This quiz has been taken 462 times
  • The average score is 16 of 24

Answer Stats

CluesClub% Correct
McIlroy, Clarets, DycheBurnley
94%
Clough, Garibaldi, TrentNottingham Forest
92%
Cottage, Haynes, FayedFulham
86%
Woolwich, Chapman, HenryArsenal
82%
Crescent, Fratton, WhittinghamPortsmouth
80%
Carefree, Bridge, OsgoodChelsea
76%
Brewers, Pirelli, AkinsBurton Albion
74%
Gradi, Gresty, RailwaymenCrewe Alexandra
70%
Fairs, Žigić, BluesBirmingham City
68%
Throstles, Horsfield, RegisWest Bromwich Albion
68%
Trotters, Lofthouse, HorwichBolton Wanderers
66%
Steaua, Gibson, AyresomeMiddlesbrough
65%
Windmill, Chuckle, MillmoorRotherham United
64%
Rowley, Meadow, SalopShrewsbury Town
62%
Aldridge, Prenton, PaliosTranmere Rovers
62%
Ironworks, Moore, AcademyWest Ham United
62%
Cod, Fylde, PugwashFleetwood Town
61%
Venkys, Walker, LaboreBlackburn Rovers
59%
Singers, Highfield, ElephantCoventry City
59%
Ardwick, Mercer, MansourManchester City
57%
Bescot, Saddlers, SwiftWalsall
57%
Robins, Whaddon, GlosCheltenham Town
41%
Venables, Holmesdale, GlaziersCrystal Palace
37%
Hanlan, Gander, PastySutton United
14%

Score Distribution

Percentile by Number Answered

Percent of People with Each Score

Your Score History

You have not taken this quiz